[Event "Speed Chess (Women) GP1"]
[Site "Chess.com INT"]
[Date "2020.06.28"]
[Round "4.4"]
[White "Kosteniuk, Alexandra"]
[Black "Vaishali, Ramesh Babu"]
[Result "1-0"]
[WhiteElo "2471"]
[BlackElo "2393"]
[PlyCount "101"]
[EventDate "2020.06.24"]
[EventType "k.o. (blitz)"]
[EventRounds "4"]
[EventCountry "USA"]
[SourceTitle "CBM 197 Extra"]
[Source "ChessBase"]
[SourceDate "2020.09.30"]
[SourceVersion "1"]
[SourceVersionDate "2020.09.30"]
[SourceQuality "1"]

1. e4 e5 2. Nf3 Nc6 3. Bb5 a6 4. Ba4 Nf6 5. O-O Be7 6. d3 b5 7. Bb3 d6 8. a3
O-O 9. Nc3 Bg4 10. Be3 Nd4 11. Bxd4 exd4 12. Nd5 c5 13. h3 Be6 14. Nxe7+ Qxe7
15. Bxe6 fxe6 16. e5 Nd5 17. exd6 Qxd6 18. Qe2 Rf6 19. Rae1 Raf8 20. Qe5 Qd7
21. Ng5 Nf4 22. Ne4 Rf5 23. Qd6 Qe8 24. Ng3 Rd5 25. Qxa6 h5 26. h4 Qg6 27. Re4
Rdf5 28. Qd6 R8f6 29. Ree1 Kh7 30. Qc6 e5 31. Qb7 Rf7 32. Qe4 Qg4 33. Nxf5 Rxf5
34. g3 Kh6 35. Qh1 Qg6 36. Kh2 Ne6 37. Qe4 Kh7 38. f4 c4 39. fxe5 Rxf1 40.
Qxg6+ Kxg6 41. Rxf1 c3 42. bxc3 dxc3 43. Rb1 Nd4 44. Rb4 Nxc2 45. Rxb5 Nxa3 46.
Rc5 c2 47. d4 Kf5 48. Kg2 Ke6 49. Kf2 g6 50. Ke2 Nb5 51. Kd3 1-0

[Event "Speed Chess (Women) GP1"]
[Site "Chess.com INT"]
[Date "2020.06.28"]
[Round "4.5"]
[White "Vaishali, Ramesh Babu"]
[Black "Kosteniuk, Alexandra"]
[Result "1-0"]
[WhiteElo "2393"]
[BlackElo "2471"]
[PlyCount "117"]
[EventDate "2020.06.24"]
[EventType "k.o. (blitz)"]
[EventRounds "4"]
[EventCountry "USA"]
[SourceTitle "CBM 197 Extra"]
[Source "ChessBase"]
[SourceDate "2020.09.30"]
[SourceVersion "1"]
[SourceVersionDate "2020.09.30"]
[SourceQuality "1"]

1. Nf3 Nf6 2. g3 b6 3. Bg2 Bb7 4. b3 e6 5. Bb2 Be7 6. O-O O-O 7. c4 d5 8. cxd5
Nxd5 9. Nc3 Nxc3 10. Bxc3 Nd7 11. Qc2 Qc8 12. Rfd1 h6 13. Qb2 Bf6 14. Rac1 Bxc3
15. Rxc3 c5 16. d4 Rd8 17. Rdc1 Qb8 18. Rd3 Be4 19. Rd2 Qb7 20. dxc5 Nxc5 21.
Rxd8+ Rxd8 22. b4 Na4 23. Qe5 Qd5 24. Qxd5 Bxd5 25. a3 Nb2 26. Ne5 Bxg2 27.
Kxg2 f6 28. Nc6 Rd7 29. Rc2 Na4 30. Nb8 Rb7 31. Rc8+ Kh7 32. Nc6 Nc3 33. Nd8
Rd7 34. Nxe6 Rd6 35. Nf8+ Kg8 36. f4 f5 37. h4 Nxe2 38. h5 Kf7 39. Ng6 Rxg6 40.
hxg6+ Kxg6 41. Ra8 Nc3 42. Rxa7 b5 43. Rc7 Nb1 44. Ra7 Nc3 45. Kf3 Kf6 46. Ke3
g5 47. Ra6+ Kg7 48. Ra5 Kf6 49. Kd3 Ne4 50. Rxb5 Nxg3 51. Ke3 gxf4+ 52. Kxf4
Ne2+ 53. Ke3 Nc3 54. Rb6+ Kg5 55. Rb8 Nd5+ 56. Kf3 Kf6 57. a4 Ke6 58. a5 Kd6
59. a6 1-0

[Event "Speed Chess (Women) GP1"]
[Site "Chess.com INT"]
[Date "2020.06.28"]
[Round "4.6"]
[White "Kosteniuk, Alexandra"]
[Black "Vaishali, Ramesh Babu"]
[Result "1-0"]
[WhiteElo "2471"]
[BlackElo "2393"]
[PlyCount "81"]
[EventDate "2020.06.24"]
[EventType "k.o. (blitz)"]
[EventRounds "4"]
[EventCountry "USA"]
[SourceTitle "CBM 197 Extra"]
[Source "ChessBase"]
[SourceDate "2020.09.30"]
[SourceVersion "1"]
[SourceVersionDate "2020.09.30"]
[SourceQuality "1"]

1. e4 e5 2. Nf3 Nc6 3. Bb5 g6 4. d4 exd4 5. Bg5 Be7 6. Bxe7 Qxe7 7. Bxc6 dxc6
8. Qxd4 Nf6 9. Nc3 Bg4 10. Nd2 c5 11. Qe3 O-O-O 12. h3 Bd7 13. O-O-O Bc6 14. f3
Nd5 15. Nxd5 Rxd5 16. Qc3 Rdd8 17. Nc4 Qg5+ 18. Ne3 b6 19. b3 Kb7 20. Kb2 h5
21. h4 Qf4 22. Nc4 Rhe8 23. a4 Rxd1 24. Rxd1 Qxh4 25. a5 Qe7 26. Qd2 Kc8 27.
axb6 axb6 28. Qf4 Rd8 29. Rxd8+ Kxd8 30. Ne5 Be8 31. Qd2+ Qd6 32. Nd3 Bb5 33.
Qg5+ Kc8 34. Nf4 Qd4+ 35. Kb1 c4 36. Nd5 cxb3 37. cxb3 Bd3+ 38. Ka2 Qf2+ 39.
Ka3 Qc5+ 40. b4 Qc1+ 41. Qxc1 1-0

[Event "Speed Chess (Women) GP1"]
[Site "Chess.com INT"]
[Date "2020.06.28"]
[Round "4.7"]
[White "Vaishali, Ramesh Babu"]
[Black "Kosteniuk, Alexandra"]
[Result "1-0"]
[WhiteElo "2393"]
[BlackElo "2471"]
[PlyCount "59"]
[EventDate "2020.06.24"]
[EventType "k.o. (blitz)"]
[EventRounds "4"]
[EventCountry "USA"]
[SourceTitle "CBM 197 Extra"]
[Source "ChessBase"]
[SourceDate "2020.09.30"]
[SourceVersion "1"]
[SourceVersionDate "2020.09.30"]
[SourceQuality "1"]

1. Nf3 Nf6 2. g3 d5 3. Bg2 c6 4. O-O Bf5 5. d3 e6 6. c4 h6 7. Qb3 Qb6 8. Be3
Qc7 9. cxd5 exd5 10. Bf4 Qb6 11. Nd4 Bd7 12. Qxb6 axb6 13. e4 dxe4 14. dxe4 Na6
15. Nc3 Bc5 16. Rad1 O-O-O 17. Nb3 Bg4 18. Nxc5 Nxc5 19. f3 Be6 20. Be3 Kc7 21.
Bf4+ Kc8 22. Be3 Kc7 23. Rfe1 Nd3 24. Re2 Ne5 25. Red2 Rxd2 26. Rxd2 Nc4 27.
Bf4+ Kc8 28. Re2 Rd8 29. b3 Ne5 30. Bxe5 1-0

[Event "Speed Chess (Women) GP1"]
[Site "Chess.com INT"]
[Date "2020.06.28"]
[Round "4.8"]
[White "Kosteniuk, Alexandra"]
[Black "Vaishali, Ramesh Babu"]
[Result "1-0"]
[WhiteElo "2471"]
[BlackElo "2393"]
[PlyCount "95"]
[EventDate "2020.06.24"]
[EventType "k.o. (blitz)"]
[EventRounds "4"]
[EventCountry "USA"]
[SourceTitle "CBM 197 Extra"]
[Source "ChessBase"]
[SourceDate "2020.09.30"]
[SourceVersion "1"]
[SourceVersionDate "2020.09.30"]
[SourceQuality "1"]

1. e4 e5 2. Nf3 Nc6 3. Bb5 a6 4. Ba4 Nf6 5. O-O Be7 6. Re1 b5 7. Bb3 O-O 8. a4
Bb7 9. d3 d6 10. Nc3 Na5 11. Ba2 b4 12. Ne2 c5 13. Ng3 Qd7 14. c3 Nc6 15. d4
bxc3 16. bxc3 cxd4 17. cxd4 Rac8 18. Ba3 exd4 19. Nxd4 Nxd4 20. Qxd4 Ng4 21.
Rac1 Rxc1 22. Rxc1 Ne5 23. Nf5 Bf6 24. Qxd6 Rc8 25. Rxc8+ Qxc8 26. Ne7+ Bxe7
27. Qxe7 Ng6 28. Qxf7+ Kh8 29. f3 Bc6 30. Qc4 Qe8 31. a5 Bb5 32. Qc7 Ne5 33.
Bb2 Nd7 34. h4 h6 35. Qd6 Kh7 36. Be6 Nf6 37. Bf5+ Kg8 38. Bxf6 gxf6 39. Qxf6
Bc4 40. Qxh6 Qb5 41. Qg6+ Kf8 42. Qf6+ Ke8 43. Bg6+ Kd7 44. Qf5+ Kd6 45. Qxb5
axb5 46. h5 b4 47. h6 b3 48. e5+ 1-0

[Event "Speed Chess (Women) GP1"]
[Site "Chess.com INT"]
[Date "2020.06.28"]
[Round "4.9"]
[White "Vaishali, Ramesh Babu"]
[Black "Kosteniuk, Alexandra"]
[Result "0-1"]
[WhiteElo "2393"]
[BlackElo "2471"]
[PlyCount "82"]
[EventDate "2020.06.24"]
[EventType "k.o. (blitz)"]
[EventRounds "4"]
[EventCountry "USA"]
[SourceTitle "CBM 197 Extra"]
[Source "ChessBase"]
[SourceDate "2020.09.30"]
[SourceVersion "1"]
[SourceVersionDate "2020.09.30"]
[SourceQuality "1"]

1. e4 e5 2. Nf3 Nf6 3. Nc3 Nc6 4. Bb5 Nd4 5. Bd3 d5 6. Nxd4 exd4 7. Nxd5 Nxd5
8. exd5 Qxd5 9. O-O Be6 10. Re1 O-O-O 11. Be4 Qa5 12. d3 Bb4 13. Rf1 g5 14. Qf3
c6 15. a3 Bd6 16. b4 Qe5 17. Qg3 f5 18. Qxe5 Bxe5 19. Bf3 Bf6 20. Re1 Rhe8 21.
Bb2 g4 22. Be2 Bd5 23. Bf1 h5 24. a4 h4 25. b5 Kc7 26. Ba3 h3 27. g3 Bf3 28.
Bc5 b6 29. Ba3 c5 30. a5 Bg5 31. Reb1 Bd2 32. Bc1 Bxa5 33. Bf4+ Kb7 34. Ra2 Bc3
35. Ra3 Rd7 36. Bg5 Rg7 37. Bf6 Rf7 38. Bg5 Rg7 39. Bf6 Rg6 40. Bh4 Rge6 41.
Bg5 Re1 0-1

[Event "Speed Chess (Women) GP1"]
[Site "Chess.com INT"]
[Date "2020.06.28"]
[Round "4.10"]
[White "Kosteniuk, Alexandra"]
[Black "Vaishali, Ramesh Babu"]
[Result "1-0"]
[WhiteElo "2471"]
[BlackElo "2393"]
[PlyCount "35"]
[EventDate "2020.06.24"]
[EventType "k.o. (blitz)"]
[EventRounds "4"]
[EventCountry "USA"]
[SourceTitle "CBM 197 Extra"]
[Source "ChessBase"]
[SourceDate "2020.09.30"]
[SourceVersion "1"]
[SourceVersionDate "2020.09.30"]
[SourceQuality "1"]

1. e4 c5 2. c3 Nf6 3. e5 Nd5 4. d4 cxd4 5. Nf3 d6 6. cxd4 e6 7. Bc4 dxe5 8.
Nxe5 Bb4+ 9. Bd2 Bxd2+ 10. Qxd2 O-O 11. O-O Nc6 12. Nxc6 bxc6 13. Nc3 Rb8 14.
Rab1 Qf6 15. Ne4 Qg6 16. Ng3 h5 17. Bd3 Qxg3 18. hxg3 1-0

[Event "Speed Chess (Women) GP1"]
[Site "Chess.com INT"]
[Date "2020.06.28"]
[Round "4.11"]
[White "Vaishali, Ramesh Babu"]
[Black "Kosteniuk, Alexandra"]
[Result "1-0"]
[WhiteElo "2393"]
[BlackElo "2471"]
[PlyCount "165"]
[EventDate "2020.06.24"]
[EventType "k.o. (blitz)"]
[EventRounds "4"]
[EventCountry "USA"]
[SourceTitle "CBM 197 Extra"]
[Source "ChessBase"]
[SourceDate "2020.09.30"]
[SourceVersion "1"]
[SourceVersionDate "2020.09.30"]
[SourceQuality "1"]

1. e4 e5 2. Nc3 Nf6 3. Bc4 c6 4. d3 d5 5. exd5 cxd5 6. Bb3 Nc6 7. Nge2 Bb4 8.
O-O h6 9. d4 e4 10. f3 exf3 11. Rxf3 O-O 12. Ng3 Bg4 13. a3 Bxf3 14. Qxf3 Nxd4
15. Qd3 Nxb3 16. cxb3 Bc5+ 17. Kh1 Ng4 18. Nd1 Qe7 19. Bd2 Rae8 20. h3 Qe1+ 21.
Bxe1 Rxe1+ 22. Nf1 Rxd1 23. Rxd1 Nf2+ 24. Kh2 Nxd3 25. Rxd3 Rd8 26. b4 Bd6+ 27.
g3 Be5 28. Ne3 Bxb2 29. Nxd5 Kf8 30. a4 Rd6 31. b5 f6 32. Kg2 Kf7 33. Kf3 Be5
34. g4 Rd7 35. Ke4 g6 36. Rd1 Ke6 37. Ne3 Rxd1 38. Nxd1 f5+ 39. gxf5+ gxf5+ 40.
Kd3 f4 41. Ke4 h5 42. Nf2 Bc7 43. Nd3 f3 44. Nc5+ Kf6 45. Kxf3 b6 46. Nd3 Ke6
47. Ke4 Bd6 48. Nb2 Bc7 49. Nc4 Bb8 50. Ne3 Bc7 51. Nf5 Kf6 52. Nd4 h4 53. Kd5
Bg3 54. Nc6 Kf5 55. Nxa7 Bf2 56. Kc6 Kf4 57. Nc8 Kg3 58. Nxb6 Kxh3 59. a5 Kg3
60. a6 h3 61. a7 h2 62. a8=Q h1=Q+ 63. Nd5 Qh6+ 64. Kb7 Qh1 65. Qg8+ Kh3 66.
Qe6+ Kg3 67. Kc6 Qc1+ 68. Kb7 Qh1 69. Qg6+ Kh3 70. Qh5+ Bh4 71. b6 Qe4 72. Kc6
Qe6+ 73. Kc7 Qe4 74. b7 Qc4+ 75. Kd7 Qb5+ 76. Kc8 Qc6+ 77. Kb8 Qd6+ 78. Ka7
Qa3+ 79. Kb6 Qb3+ 80. Kc6 Qc4+ 81. Kd6 Qb5 82. Qf3+ Bg3+ 83. Nf4+ 1-0

[Event "Titled Tuesday intern op 30th June"]
[Site "Chess.com INT"]
[Date "2020.06.30"]
[Round "2"]
[White "Kosteniuk, Alexandra"]
[Black "Peatman, Carter F"]
[Result "1-0"]
[WhiteElo "2471"]
[BlackElo "1963"]
[PlyCount "115"]
[EventDate "2020.06.30"]
[EventType "swiss (blitz)"]
[EventRounds "10"]
[EventCountry "USA"]
[SourceTitle "CBM 197 Extra"]
[Source "ChessBase"]
[SourceDate "2020.09.30"]
[SourceVersion "1"]
[SourceVersionDate "2020.09.30"]
[SourceQuality "1"]

1. e4 e5 2. Nf3 Nf6 3. Nxe5 d6 4. Nf3 Nxe4 5. Bd3 Nc5 6. Be2 d5 7. O-O Be7 8.
d4 Ne4 9. Nbd2 Nd6 10. Bd3 O-O 11. Ne5 c6 12. Re1 Bf5 13. Bxf5 Nxf5 14. Qg4 g6
15. Ndf3 Nd7 16. c3 Nf6 17. Qh3 Ne4 18. g4 Nh4 19. Bh6 Re8 20. Re3 Nxf3+ 21.
Qxf3 Bf6 22. Nd3 Bg5 23. Bxg5 Qxg5 24. Rae1 Re6 25. Qg2 f5 26. f3 f4 27. R3e2
Rae8 28. h4 Qf6 29. g5 Qf5 30. fxe4 dxe4 31. Nxf4 Qxf4 32. Qh3 R6e7 33. Rf1 Qd6
34. Qh2 Qxh2+ 35. Kxh2 Rf7 36. Rxf7 Kxf7 37. Kg3 Re6 38. Kf4 Re7 39. Rxe4 Rc7
40. Re5 Rd7 41. b3 Rc7 42. a4 Rd7 43. b4 a6 44. b5 cxb5 45. axb5 Rc7 46. bxa6
bxa6 47. Ra5 Rxc3 48. Rxa6 Rh3 49. Ke5 Rxh4 50. Ra7+ Kf8 51. d5 Rh1 52. Kd6 Rc1
53. Rxh7 Ra1 54. Ke6 Re1+ 55. Kd7 Ra1 56. Rh2 Ra7+ 57. Ke6 Ke8 58. Rh8# 1-0

[Event "Titled Tuesday intern op 30th June"]
[Site "Chess.com INT"]
[Date "2020.06.30"]
[Round "4"]
[White "Stojanovski, Sandi"]
[Black "Kosteniuk, Alexandra"]
[Result "0-1"]
[WhiteElo "2232"]
[BlackElo "2471"]
[PlyCount "108"]
[EventDate "2020.06.30"]
[EventType "swiss (blitz)"]
[EventRounds "10"]
[EventCountry "USA"]
[SourceTitle "CBM 197 Extra"]
[Source "ChessBase"]
[SourceDate "2020.09.30"]
[SourceVersion "1"]
[SourceVersionDate "2020.09.30"]
[SourceQuality "1"]

1. c4 Nf6 2. d4 e6 3. Nc3 Bb4 4. Bd2 b6 5. Nf3 O-O 6. g3 Bb7 7. Bg2 c5 8. dxc5
Bxc5 9. O-O d5 10. Ne5 Bd4 11. Bf4 Bxc3 12. bxc3 Nbd7 13. cxd5 Bxd5 14. Nc6
Bxc6 15. Bxc6 Rc8 16. Bf3 Rxc3 17. Qa4 e5 18. Bg5 h6 19. Bxf6 Nxf6 20. Qxa7 e4
21. Bg2 Qd4 22. e3 Qc5 23. Rab1 Nd5 24. Bxe4 Nxe3 25. Rfe1 Nc4 26. Rbc1 Qd4 27.
Rcd1 Qf6 28. Rd3 Rxd3 29. Bxd3 Ne5 30. Be2 Re8 31. Rb1 Re6 32. Qa8+ Kh7 33.
Qe4+ g6 34. Qf4 Qxf4 35. gxf4 Nd7 36. Kf1 Nc5 37. Rb5 Rd6 38. Rb4 Kg7 39. a4 h5
40. Rc4 Ne6 41. f5 gxf5 42. Bxh5 Nd4 43. Bd1 f4 44. f3 Nf5 45. Be2 Ne3+ 46. Kf2
Nxc4 47. Bxc4 Rd2+ 48. Kg1 Rc2 49. Bb5 Kf6 50. h4 Kg7 51. Kf1 Kh6 52. Be2 Kh5
53. Kf2 Kxh4 54. Ke1 Kg3 0-1

[Event "Titled Tuesday intern op 30th June"]
[Site "Chess.com INT"]
[Date "2020.06.30"]
[Round "6"]
[White "Tologontegin, Semetey"]
[Black "Kosteniuk, Alexandra"]
[Result "0-1"]
[WhiteElo "2358"]
[BlackElo "2471"]
[PlyCount "84"]
[EventDate "2020.06.30"]
[EventType "swiss (blitz)"]
[EventRounds "10"]
[EventCountry "USA"]
[SourceTitle "CBM 197 Extra"]
[Source "ChessBase"]
[SourceDate "2020.09.30"]
[SourceVersion "1"]
[SourceVersionDate "2020.09.30"]
[SourceQuality "1"]

1. d4 Nf6 2. Nc3 d5 3. Bf4 c5 4. e3 cxd4 5. exd4 Bg4 6. f3 Bd7 7. Bd3 Nc6 8.
Nge2 e6 9. a3 a6 10. O-O Qb6 11. Be3 Bd6 12. Qd2 h6 13. Rab1 Qc7 14. g3 b5 15.
Nf4 O-O 16. Nce2 Rae8 17. c3 Bc8 18. Rbe1 Qb6 19. Bb1 Ne7 20. Bf2 a5 21. Nd3
Ng6 22. b4 axb4 23. axb4 Qc7 24. Nec1 Nd7 25. f4 Nb6 26. Nc5 Nc4 27. Qd3 f5 28.
Qe2 Rf6 29. N1d3 Nf8 30. Ne5 Re7 31. Bd3 g5 32. Kh1 Rg7 33. Ra1 gxf4 34. gxf4
Bxe5 35. dxe5 Rfg6 36. Rg1 Rg4 37. Rxg4 Rxg4 38. h3 Rg7 39. Ra8 Kh7 40. Qh5 Nb6
41. Ra5 Ng6 42. Qf3 Nc4 0-1

[Event "Titled Tuesday intern op 30th June"]
[Site "Chess.com INT"]
[Date "2020.06.30"]
[Round "7"]
[White "Kosteniuk, Alexandra"]
[Black "Borisova, Ekaterina"]
[Result "1-0"]
[WhiteElo "2471"]
[BlackElo "2283"]
[PlyCount "107"]
[EventDate "2020.06.30"]
[EventType "swiss (blitz)"]
[EventRounds "10"]
[EventCountry "USA"]
[SourceTitle "CBM 197 Extra"]
[Source "ChessBase"]
[SourceDate "2020.09.30"]
[SourceVersion "1"]
[SourceVersionDate "2020.09.30"]
[SourceQuality "1"]

1. e4 e5 2. Nf3 Nf6 3. Nxe5 Nxe4 4. Qe2 Qe7 5. Qxe4 d6 6. d4 dxe5 7. dxe5 Nc6
8. Nc3 Qxe5 9. Qxe5+ Nxe5 10. Bf4 Bd6 11. Bg3 Bf5 12. O-O-O O-O-O 13. Nb5 Kb8
14. Nxd6 cxd6 15. Be2 Rhe8 16. Rd2 Kc7 17. Rhd1 a6 18. a4 f6 19. b3 d5 20. Rxd5
Rxd5 21. Rxd5 Kc6 22. Rd2 b5 23. axb5+ axb5 24. f3 Nf7 25. Bf2 Nd6 26. Kb2 Nb7
27. Bf1 Nc5 28. Rd1 Rc8 29. Re1 Rc7 30. g4 Bg6 31. h4 h5 32. Bg2 b4 33. f4+ Kb5
34. f5 Bf7 35. g5 Rd7 36. Be3 Bd5 37. Bf1+ Kc6 38. gxf6 gxf6 39. Bd4 Ne4 40.
Bd3 Ng3 41. Bxf6 Rf7 42. Be7 Nxf5 43. Bxf5 Rxf5 44. Bxb4 Rf4 45. c4 Bg2 46. Be7
Rf2+ 47. Ka3 Rf3 48. Kb4 Bf1 49. Re6+ Kd7 50. Re5 Bd3 51. Kc5 Rf4 52. Bg5 Rg4
53. Rd5+ Ke6 54. Rxd3 1-0

[Event "Titled Tuesday intern op 30th June"]
[Site "Chess.com INT"]
[Date "2020.06.30"]
[Round "9"]
[White "Kosteniuk, Alexandra"]
[Black "Aldokhin, Ivan"]
[Result "1-0"]
[WhiteElo "2471"]
[BlackElo "2413"]
[PlyCount "143"]
[EventDate "2020.06.30"]
[EventType "swiss (blitz)"]
[EventRounds "10"]
[EventCountry "USA"]
[SourceTitle "CBM 197 Extra"]
[Source "ChessBase"]
[SourceDate "2020.09.30"]
[SourceVersion "1"]
[SourceVersionDate "2020.09.30"]
[SourceQuality "1"]

1. e4 c5 2. c3 d5 3. exd5 Qxd5 4. d4 Nf6 5. Nf3 cxd4 6. cxd4 e6 7. Nc3 Qd6 8.
Bd3 Be7 9. O-O O-O 10. Nb5 Qb6 11. Bf4 Nd5 12. Bg5 Nc6 13. Rb1 Rd8 14. a3 Bd7
15. Nc3 Be8 16. Be3 Nxe3 17. fxe3 e5 18. d5 Qxe3+ 19. Kh1 Nd4 20. Re1 Qf4 21.
Re4 Qf6 22. Nxe5 Nf5 23. Ng4 Qh4 24. Qf3 Bd7 25. Rbe1 Bd6 26. Ne5 Qh6 27. Rf4
Re8 28. Rfe4 Nd4 29. Qe3 Rxe5 30. Rxe5 Bxe5 31. Qxh6 gxh6 32. Rxe5 Nb3 33. Kg1
Rd8 34. Re3 Nc5 35. Rg3+ Kf8 36. Bxh7 Ke7 37. Bc2 a5 38. Re3+ Kd6 39. Rf3 f6
40. Rxf6+ Ke5 41. Rxh6 Rf8 42. h3 b5 43. Rh7 b4 44. axb4 axb4 45. Ne4 Nxe4 46.
Bxe4 Bb5 47. Bf3 Rc8 48. Rb7 Rc5 49. Kh2 Kd6 50. h4 b3 51. h5 Bc4 52. h6 Bxd5
53. Bxd5 Rxd5 54. g4 Rg5 55. Kg3 Rg8 56. h7 Rh8 57. g5 Ke6 58. g6 Kf6 59. g7
Rxh7 60. g8=Q Rxb7 61. Qd8+ Ke6 62. Qc8+ Rd7 63. Qc4+ Rd5 64. Qxb3 Ke5 65. Qe3+
Kd6 66. Qb6+ Ke5 67. Kf3 Rd4 68. Ke3 Re4+ 69. Kd3 Rf4 70. b4 Rf3+ 71. Kc4 Rf4+
72. Kb5 1-0

[Event "Titled Tuesday intern op 30th June"]
[Site "Chess.com INT"]
[Date "2020.06.30"]
[Round "10"]
[White "Kosteniuk, Alexandra"]
[Black "Peyrer, Konstantin"]
[Result "0-1"]
[WhiteElo "2471"]
[BlackElo "2265"]
[PlyCount "34"]
[EventDate "2020.06.30"]
[EventType "swiss (blitz)"]
[EventRounds "10"]
[EventCountry "USA"]
[SourceTitle "CBM 197 Extra"]
[Source "ChessBase"]
[SourceDate "2020.09.30"]
[SourceVersion "1"]
[SourceVersionDate "2020.09.30"]
[SourceQuality "1"]

1. e4 e5 2. Nf3 Nc6 3. Bb5 a6 4. Ba4 Nf6 5. d4 Nxe4 6. O-O exd4 7. Re1 d5 8.
Nxd4 Bd6 9. Nxc6 Bxh2+ 10. Kf1 Qh4 11. Qf3 O-O 12. Nd4 Bg4 13. Nf5 Qh5 14. Ne7+
Kh8 15. Qd3 Bg3 16. f3 Qh1+ 17. Ke2 Qxe1# 0-1

[Event "Speed Chess (Women) GP3"]
[Site "Chess.com INT"]
[Date "2020.07.08"]
[Round "1.1"]
[White "Kosteniuk, Alexandra"]
[Black "Girya, Olga"]
[Result "1-0"]
[WhiteElo "2471"]
[BlackElo "2469"]
[PlyCount "79"]
[EventDate "2020.07.08"]
[EventType "k.o. (blitz)"]
[EventRounds "4"]
[EventCountry "USA"]
[SourceTitle "CBM 197 Extra"]
[Source "ChessBase"]
[SourceDate "2020.09.30"]
[SourceVersion "1"]
[SourceVersionDate "2020.09.30"]
[SourceQuality "1"]

1. e4 c6 2. Nf3 d5 3. Nc3 dxe4 4. Nxe4 Nf6 5. Qe2 Nxe4 6. Qxe4 Nd7 7. Bc4 Nf6
8. Ne5 e6 9. Qe2 b5 10. Bd3 Bb7 11. a4 a6 12. O-O Bd6 13. b3 O-O 14. Bb2 Nd5
15. f4 f6 16. Qh5 f5 17. Rf3 Qe8 18. Qh4 Qe7 19. Qxe7 Bxe7 20. c3 Rfd8 21. Re1
Bf6 22. Bc1 Nxf4 23. Rxf4 Bxe5 24. Rxe5 Rxd3 25. Rxe6 Rf8 26. Re7 Bc8 27. Rc7
Be6 28. Rxc6 Bxb3 29. a5 Re8 30. Kf2 Rd5 31. Rf3 Rde5 32. Re3 Rxe3 33. dxe3 Re6
34. Rc7 Rd6 35. h4 Rd1 36. Ba3 Rd2+ 37. Kf3 Bd5+ 38. Kf4 Rxg2 39. Kxf5 Rf2+ 40.
Ke5 1-0

[Event "Speed Chess (Women) GP3"]
[Site "Chess.com INT"]
[Date "2020.07.08"]
[Round "1.2"]
[White "Girya, Olga"]
[Black "Kosteniuk, Alexandra"]
[Result "1/2-1/2"]
[WhiteElo "2469"]
[BlackElo "2471"]
[PlyCount "188"]
[EventDate "2020.07.08"]
[EventType "k.o. (blitz)"]
[EventRounds "4"]
[EventCountry "USA"]
[SourceTitle "CBM 197 Extra"]
[Source "ChessBase"]
[SourceDate "2020.09.30"]
[SourceVersion "1"]
[SourceVersionDate "2020.09.30"]
[SourceQuality "1"]

1. d4 Nf6 2. c4 e6 3. Nf3 Bb4+ 4. Bd2 Qe7 5. g3 Bxd2+ 6. Qxd2 Nc6 7. a3 d5 8.
Qc3 Ne4 9. Qc2 O-O 10. Nc3 Nxc3 11. Qxc3 dxc4 12. Bg2 Qd6 13. Qxc4 e5 14. dxe5
Nxe5 15. Nxe5 Qxe5 16. O-O c6 17. b4 Be6 18. Qc2 a5 19. bxa5 Rxa5 20. Rab1 Qc7
21. Qb2 Rb8 22. Qb6 Qxb6 23. Rxb6 Bd7 24. Rfb1 Ra7 25. Bxc6 Bxc6 26. Rxc6 Rxa3
27. Rxb7 Rf8 28. h4 g6 29. Kg2 Ra2 30. e3 h5 31. Rcc7 Kg7 32. e4 Kf6 33. Kf3
Ra3+ 34. Kf4 Ra4 35. Rc6+ Kg7 36. f3 Raa8 37. Rcc7 Rab8 38. Ra7 Ra8 39. Rab7
Rab8 40. Rxb8 Rxb8 41. g4 hxg4 42. Kxg4 Rb4 43. Kf4 Kf6 44. Rc6+ Kg7 45. Kg5
Rb5+ 46. Kg4 Rb4 47. Rc7 Kf6 48. Kg3 Ra4 49. e5+ Ke6 50. f4 Ra1 51. Rc6+ Ke7
52. Rf6 Rg1+ 53. Kf2 Rh1 54. Kg3 Rg1+ 55. Kh2 Rf1 56. Kg2 Re1 57. Ra6 Rd1 58.
Ra3 Ke6 59. Kf3 Rg1 60. Ra6+ Ke7 61. Ra7+ Ke6 62. Ra2 Rh1 63. Kg3 Rg1+ 64. Rg2
Re1 65. h5 gxh5 66. Rh2 Rg1+ 67. Kf2 Rg4 68. Kf3 Rg1 69. Rxh5 Rf1+ 70. Ke3 Re1+
71. Kf2 Ra1 72. Rh6+ Ke7 73. Kf3 Rf1+ 74. Kg4 Rg1+ 75. Kf5 Kf8 76. Rb6 Kg7 77.
Rb7 Kf8 78. Rb8+ Ke7 79. Rb7+ Kf8 80. e6 fxe6+ 81. Kf6 Kg8 82. Rb8+ Kh7 83.
Kxe6 Ra1 84. f5 Ra6+ 85. Kf7 Ra7+ 86. Kf6 Ra6+ 87. Kg5 Kg7 88. Rb7+ Kf8 89. f6
Ra1 90. Kg6 Rg1+ 91. Kf5 Rf1+ 92. Kg6 Rg1+ 93. Kf5 Rf1+ 94. Kg6 Rg1+ 1/2-1/2

[Event "Speed Chess (Women) GP3"]
[Site "Chess.com INT"]
[Date "2020.07.08"]
[Round "1.3"]
[White "Kosteniuk, Alexandra"]
[Black "Girya, Olga"]
[Result "1-0"]
[WhiteElo "2471"]
[BlackElo "2469"]
[PlyCount "109"]
[EventDate "2020.07.08"]
[EventType "k.o. (blitz)"]
[EventRounds "4"]
[EventCountry "USA"]
[SourceTitle "CBM 197 Extra"]
[Source "ChessBase"]
[SourceDate "2020.09.30"]
[SourceVersion "1"]
[SourceVersionDate "2020.09.30"]
[SourceQuality "1"]

1. e4 c6 2. Nf3 d5 3. Nc3 dxe4 4. Nxe4 Nf6 5. Qe2 Nxe4 6. Qxe4 Nd7 7. Bc4 Nf6
8. Ne5 e6 9. Qe2 b5 10. Bd3 Bb7 11. a4 a6 12. O-O Bd6 13. b3 O-O 14. Bb2 Nd5
15. axb5 cxb5 16. Be4 Qg5 17. f4 Qe7 18. Nd3 f5 19. Bf3 Rae8 20. c4 bxc4 21.
bxc4 Nf6 22. Bxb7 Qxb7 23. Rfb1 Qe4 24. Qxe4 Nxe4 25. Bc1 Nc5 26. Nxc5 Bxc5+
27. Kf1 Ra8 28. Ra5 Bd4 29. Ke2 e5 30. fxe5 Rfe8 31. Bb2 Rab8 32. Bxd4 Rxb1 33.
Rxa6 Rc1 34. Bc3 Kf7 35. c5 Rxc3 36. dxc3 Rxe5+ 37. Kd3 Rxc5 38. Kd4 Rc8 39. c4
g5 40. c5 Rd8+ 41. Ke5 Rd2 42. Ra7+ Kg6 43. c6 Rxg2 44. c7 Rc2 45. Kd6 f4 46.
Ra8 f3 47. c8=Q Rxc8 48. Rxc8 Kh5 49. Ke5 Kg4 50. Ke4 Kh3 51. Kxf3 g4+ 52. Kf4
h5 53. Rh8 h4 54. Rh7 Kxh2 55. Rxh4+ 1-0

[Event "Speed Chess (Women) GP3"]
[Site "Chess.com INT"]
[Date "2020.07.08"]
[Round "1.4"]
[White "Girya, Olga"]
[Black "Kosteniuk, Alexandra"]
[Result "0-1"]
[WhiteElo "2469"]
[BlackElo "2471"]
[PlyCount "46"]
[EventDate "2020.07.08"]
[EventType "k.o. (blitz)"]
[EventRounds "4"]
[EventCountry "USA"]
[SourceTitle "CBM 197 Extra"]
[Source "ChessBase"]
[SourceDate "2020.09.30"]
[SourceVersion "1"]
[SourceVersionDate "2020.09.30"]
[SourceQuality "1"]

1. d4 Nf6 2. c4 e6 3. Nf3 c5 4. d5 b5 5. e4 Nxe4 6. Bd3 Nf6 7. Nc3 bxc4 8. Bxc4
Ba6 9. Bxa6 Nxa6 10. O-O Qc8 11. Bg5 Be7 12. dxe6 fxe6 13. Ne5 O-O 14. Nxd7
Nxd7 15. Bxe7 Rf7 16. Qd6 Nb6 17. Rfe1 Nb4 18. Rac1 Nc4 19. Qxe6 Qxe6 20. Rxe6
Nd3 21. Rd1 Ncxb2 22. Rd2 Re8 23. Rde2 Nf4 0-1